[Event "Tel Aviv op"]
[Site "Tel Aviv ISR"]
[Date "1990.??.??"]
[Round "?"]
[White "Temanlis, Yoel"]
[Black "Porper, Edward"]
[Result "1/2-1/2"]
[WhiteElo "2220"]
[BlackElo "2470"]
[PlyCount "148"]
[EventDate "1990.??.??"]
[EventType "swiss"]
[EventRounds "9"]
[EventCountry "ISR"]

1. e4 e5 2. Nf3 Nc6 3. Nc3 Nf6 4. g3 Bc5 5. Bg2 d6 6. d3 a6 7. O-O O-O 8. h3 h6
9. Nd5 Be6 10. c4 Nd4 11. Nxd4 Bxd4 12. Be3 c6 13. Nxf6+ Qxf6 14. Bxd4 exd4 15.
f4 b5 16. b3 Rab8 17. Qc1 Bd7 18. Kh2 c5 19. Qa3 Rb6 20. e5 Qg6 21. b4 cxb4 22.
Qxb4 Qxd3 23. c5 dxc5 24. Qxc5 Rg6 25. Rf3 Qd2 26. Qc1 Qb4 27. Rb3 Qc4 28. Qd2
Rc8 29. Rd3 Be6 30. Rxd4 Qc7 31. Rd1 f5 32. Rd8+ Kh7 33. Rxc8 Qxc8 34. h4 h5
35. a3 Qc5 36. Qd3 Qf2 37. Qf3 Qb2 38. Qxh5+ Rh6 39. Qf3 Bc4 40. Rd6 a5 41. Rd8
Qc1 42. Kh3 Bf7 43. Qa8 Qc4 44. Rh8+ Kg6 45. Rxh6+ gxh6 46. Qxa5 Bd5 47. Qb6+
Kh5 48. Qe3 Bxg2+ 49. Kxg2 Qa2+ 50. Qf2 Qc4 51. Qf3+ Kg6 52. h5+ Kf7 53. Qb7+
Kf8 54. Qb8+ Kf7 55. Qa7+ Kf8 56. Qa8+ Kf7 57. Qf3 Kf8 58. Kh3 Ke7 59. Qd1 Ke8
60. Qb1 Kd8 61. Qxf5 Qf1+ 62. Kh4 Qh1+ 63. Qh3 Qf3 64. Qh2 Qxa3 65. Qd2+ Ke8
66. Qe2 Qe7+ 67. Kh3 Qe6+ 68. Kh2 Qc4 69. Qg2 b4 70. Qa8+ Ke7 71. Qb7+ Ke8 72.
e6 Qe2+ 73. Kg1 Qe1+ 74. Kh2 Qe2+ 1/2-1/2

[Event "Tel Aviv op"]
[Site "Tel Aviv ISR"]
[Date "1990.??.??"]
[Round "?"]
[White "Zoler, Dan"]
[Black "Porper, Edward"]
[Result "0-1"]
[WhiteElo "2275"]
[BlackElo "2470"]
[PlyCount "62"]
[EventDate "1990.??.??"]
[EventType "swiss"]
[EventRounds "9"]
[EventCountry "ISR"]

1. e4 c5 2. Nf3 d6 3. d4 cxd4 4. Qxd4 e5 5. Bb5+ Nd7 6. Qd3 a6 7. Bxd7+ Bxd7 8.
Nc3 b5 9. Nd5 Ne7 10. Bg5 Be6 11. O-O f6 12. Bxf6 gxf6 13. Nxf6+ Kf7 14. Ng5+
Kxf6 15. f4 Ng6 16. Qg3 exf4 17. Rxf4+ Nxf4 18. Qxf4+ Ke7 19. Rf1 Kd7 20. Nxe6
Qe7 21. Nd4 Kc7 22. Qf5 Bg7 23. Ne6+ Kb6 24. Nf4 Ka7 25. Nd5 Bd4+ 26. Kh1 Qb7
27. Rd1 Rhf8 28. Qh3 Rf2 29. Qd3 Qg7 30. g3 Bc5 31. b4 Qg4 0-1